| 000 | 00906cam a2200325 4500500 | ||
|---|---|---|---|
| 005 | 20260405003039.0 | ||
| 041 | _afre | ||
| 042 | _adc | ||
| 100 | 1 | 0 |
_aSorente, Isabelle _eauthor |
| 245 | 0 | 0 | _aComment être à la hauteur de l’événement ? |
| 260 | _c2020. | ||
| 500 | _a47 | ||
| 690 | _aConfinement | ||
| 690 | _aCovid-19 | ||
| 690 | _aCrise | ||
| 690 | _aDenis Maillard | ||
| 690 | _aEmanuele Coccia | ||
| 690 | _aÉvénement | ||
| 690 | _aFrançoise Dastur | ||
| 690 | _aFrédéric Worms | ||
| 690 | _aJulian Baggini | ||
| 690 | _aMédecine | ||
| 690 | _aMiguel Benasayag | ||
| 690 | _aMobilisation | ||
| 690 | _aMort | ||
| 690 | _aSanté | ||
| 690 | _aTravail Virus | ||
| 786 | 0 | _nPhilosophie magazine | 139 | 6 | 2020-06-01 | p. 16-16 | 1951-1787 | |
| 856 | 4 | 1 | _uhttps://shs.cairn.info/magazine-philosophie-magazine-2020-6-page-16?lang=fr&redirect-ssocas=7080 |
| 999 |
_c2063896 _d2063896 |
||